000
00262nam a22001097a 4500
082
_a
379.154
_b
PUN
245
_a
Punjab Education Code [English & Urdu] /
260
_a
Lahore :
_b
Mansoor Book House,
_c
N.A.
300
_a
135 p.
563
_a
HB.
942
_2
ddc
_c
BK
999
_c
613708
_d
613708